| 000 | 00866nam a22002297a 4500 | ||
|---|---|---|---|
| 001 | 6945 | ||
| 003 | FISKH | ||
| 005 | 20250611124239.0 | ||
| 008 | 250611b cb ||||| |||| 00| 0 eng d | ||
| 020 | _a9789814193177 | ||
| 040 |
_aFISKH _beng _cFISKH _dFISKH |
||
| 050 | _aPZ7 | ||
| 100 | _aLee, James | ||
| 245 |
_aMr Midnight : _bWhen the ghosts went mad drop dead, gorgeous / _cBy James Lee |
||
| 260 |
_aSingapore : _bAngsana Books, _c2006. |
||
| 300 |
_a126 pages : _billustrations ; _c20 cm . |
||
| 490 |
_aMr.Midnight _v#32 |
||
| 520 | _aThis book is part of the Mr Midnight series, a popular children's horror fiction collection by James Lee, known for its spooky tales and thrilling plots. Each book contains two separate stories, and this edition features. | ||
| 700 |
_aLui, Michael _eCover illustrator |
||
| 942 |
_2ddc _cBK _n0 |
||
| 999 |
_c6945 _d6945 |
||